000 00824nam a22002777a 4500
001 BR8007622
003 BR-BrBNA
005 20230928090856.0
007 ta
008 230509b bl.||||| |||| 00| 0 por d
040 _aBR-BrBNA
_bpor
_cBiblioteca Nacional de Agricultura
041 _a(Por)
072 _aE40; D50
090 _ E40 BR8007622
100 1 _aOliveira, N.B. de
110 1 _aInstituto Nacional de Colonizacao e Reforma Agraria, Porto Alegre, RS (Brasil). Coordenadoria Regional do Rio Grande do Sul
_96442
245 1 _aManual do conselheiro fiscal de cooperativas
260 3 _aPorto Alegre, RS (Brasil):
_c1980.
300 _a172 p.
500 _a5 tables
650 _aCOOPERATIVA
650 _aADMINISTRACAO
650 _aLEGISLACAO
909 _a202309
_bLucia
_c55
_dLucia Elande
942 _cBK
999 _c31041
_d31041